000 00677nam a2200277Ia 4500
005 20260330160710.0
008 008 300114s9999 xx 000 0 eng d
020 _a9789360530334
037 _aEBOOK
040 _aCRL
040 _beng
040 _cCRL
041 _2eng
041 _aeng
084 _qCRL
100 _aGOLDENBERG/STANTON/GOLDENBERG
_91232163
245 0 _aFAMILY THERAPY- AN OVERVIEW (EDITION9)
250 _a9
260 _bcengage
260 _c2017
650 _aCOUNSELLING
856 _uhttps://cengageindiaelibrary.ipublishcentral.net/product-details/461971
942 _cEBOOK
999 _c1844001
_d1844001